000 00655nam a2200229Ia 4500
003 OSt
005 20220925210130.0
006 a|||||r|||| 00| 0
007 ta
008 220923b |||||||| |||| 00| 0 eng d
037 _cGeneral Book
040 _aRTL
_cRTL
_beng
041 _2eng
_aeng
082 _aX:8, L3
100 _aUyterhoeven Hugo E. R. et al
_9271893
245 0 _aStrategy and organisation
_b Text and cases in gene
260 _aIllinois
_bIrwin
_c1973
300 _axii, 856p.
_ccm.
650 _aManagement
_930681
942 _hX:8, L3
_cGB
_2CC
999 _c554147
_d554147